Análisis de las sentencias de la CNTrab. sobre el control constitucional del procedimiento de la ley 27348 (Registro nro. 18948)

Detalles MARC
000 -LEADER
fixed length control field 00381 a2200109 4500
001 - CONTROL NUMBER
control field ART_45272
005 - DATE AND TIME OF LATEST TRANSACTION
control field 20260410161743.0
008 - FIXED-LENGTH DATA ELEMENTS--GENERAL INFORMATION
fixed length control field 260409a
100 1# - MAIN ENTRY--PERSONAL NAME
Personal name Formaro, Juan J.
245 10 - TITLE STATEMENT
Title Análisis de las sentencias de la CNTrab. sobre el control constitucional del procedimiento de la ley 27348
773 0# - HOST ITEM ENTRY
Title Doctrina laboral
Related parts - Nº 389 (ene. 2018)
Record control number REV4049

No hay ítems disponibles.